| 000 | 02076nam a22003617a 4500 | ||
|---|---|---|---|
| 001 | 102255 | ||
| 003 | KnowledgeUnlatched | ||
| 005 | 20210303105019.0 | ||
| 006 | m o d | ||
| 007 | cr u|||||||||| | ||
| 008 | 210129p20152019mau o u00| u eng d | ||
| 037 | _5BiblioBoard | ||
| 245 | 0 | 0 |
_aWar and Law in the Islamic World _cMatthias Vanhullebusch. |
| 020 | _a9789004298248 | ||
| 024 | 8 | _ahttps://doi.org/10.1163/9789004298248 | |
| 029 | 1 | _ahttps://library.biblioboard.com/ext/api/media/819786db-e79f-431d-bfe8-3224ebe0107b/assets/thumbnail.jpg | |
| 040 |
_aScCtBLL _cScCtBLL |
||
| 100 | 1 |
_aVanhullebusch, Matthias _eauthor. |
|
| 264 | 1 | _bBrill, | |
| 300 | _a1 online resource (1 p.) | ||
| 506 | 0 |
_aAccess copy available to the general public. _fUnrestricted _2star |
|
| 520 | _aArmed conflict, today, has diverged from war as it was known in generations past, and from this, has tested the means by which conflicts and violence are regulated. Written with an eye to a region plagued by such conflicts, War and Law in the Islamic World examines the origins and roles that two distinct systems of governance - Islamic law and international humanitarian law - have played in conflicts past and present. Meant equally for the scholar or student, this book presents the legal and policy complexities of today's conflicts in a new light through its careful and well-researched investigation of the past and the present. | ||
| 588 | 0 | _aDescription based on print version record. | |
| 590 | _aKU Select 2018: HSS Backlist Books | ||
| 650 | 7 |
_aPolitical Science / Human Rights _2bisacsh |
|
| 650 | 0 | _aPolitical science | |
| 655 | 0 | _aElectronic books. | |
| 758 |
_iIs found in: _aKnowledge Unlatched _1https://openresearchlibrary.org/module/2774bc74-146a-484f-a7ba-ab1d6a09bbfb |
||
| 856 | 4 | 0 |
_uhttps://openresearchlibrary.org/content/819786db-e79f-431d-bfe8-3224ebe0107b _zView this content on Open Research Library. _70 |
| 999 |
_c33258 _d33258 |
||